Simón Bolívar : (Registro nro. 13861)

Detalles MARC
000 -LIDER
fixed length control field 00976nam a2200301 a 4500
001 - NÚMERO DE CONTROL
Identificador de número de control 000004203
003 - IDENTIFICACDOR DE NÚMERO DE CONTROL
control field DO-SdBNP
005 - DATE AND TIME OF LATEST TRANSACTION
control field 20211109094108.0
007 - CAMPOS FIJOS DE DESCRIPCIÓN FÍSICA
fixed length control field 000004203
008 - ELEMENTOS DE LONGITUD FIJA
fixed length control field 090720s2007 dr bc 001 0 spa d
040 ## - FUENTE DE CATALOGACIÓN
Agencia que crea de manera original el registro BPMUS
Idioma de catalogación spa
Agencia que realiza la transcripción BPMSU
082 ## - NÚMERO DE CLASIFICACIÓN DECIMAL DE DEWEY
Classification number 923.287
Item number B689b, 2007
Edition number 22
092 ## - LOCALLY ASSIGNED DEWEY DECIMAL CALL NUMBER
Número de clasificación
100 1# - ASIENTO PRINCIPAL -- NOMBRE PERSONAL
Nombre personal Bosch, Juan,
Fechas asociadas con el nombre 1909-2001
9 (RLIN) 1
245 10 - MENCIÓN DE TITULO
Título Simón Bolívar :
Subtítulo biografía para escolares /
Mención de responsabilidad Juan Bosch
250 ## - MENCIÓN DE EDICION
Mención de edición 5a. ed.
260 ## - PUBLICACIÓN, DISTRIBUCIÓN, ETC. (PIE DE IMPRENTA)
Lugar de publicación, distribución, etc Santo Domingo :
Nombre del editor, distribuidor, etc. Alfa & Omega,
Fecha de publicación, distribución, etc 2007
300 ## - DESCRIPCIÓN FÍSICA
Extensión 183 p. :
Otros detalles físicos il., mapas , retrs. ;
Dimensiones 21 cm.
504 ## - NOTA DE BIBLIOGRAFÍA, ETC.
Bibliography, etc Bibliografía : p. 177-178.
590 ## - NOTA LOCAL
Enlace Inventariado, 2021/VM
600 14 - ENCABEZAMIENTO DE MATERIA--NOMBRE PERSONAL
Nombre personal Bolívar, Simón
Numeración 1783-1830
651 #4 - ENCABEZAMIENTO DE MATERIA--NOMBRE GEOGRÁFICO
Nombre geográfico Venezuela
Subdivisión temática general Historia
Subdivisión cronológica Guerra de independencia, 810-1823
651 #4 - ENCABEZAMIENTO DE MATERIA--NOMBRE GEOGRÁFICO
Nombre geográfico América del Sur
Subdivisión temática general Historia
Subdivisión cronológica Guerras de independencia, 1806-1830
910 ## - VALIDACIÓN
Validación VMateo V.
942 ## - ADDED ENTRY ELEMENTS (KOHA)
Source of classification or shelving scheme Dewey Decimal Classification
Koha item type Libros
945 ## - INFORMACIÓN DE PROCESAMIENTO LOCAL
Información de procesamiento local Titulo remanejado para la BNPHU
956 ## - LOCAL ELECTRONIC LOCATION AND ACCESS (OCLC)
Nombre de host VMATEO
Número de acceso 10
Información de compresión 20150501
Inicio de sesión BPMSU
Procesador de solicitud 00151
Existencias
Withdrawn status Lost status Source of classification or shelving scheme Damaged status Not for loan Collection code Home library Current library Date acquired Source of acquisition Full call number Barcode Date last seen Price effective from Koha item type Copy number Total Checkouts
    Dewey Decimal Classification     Colección Dominicana Biblioteca Pública Metropolitana Salomé Ureña Biblioteca Pública Metropolitana Salomé Ureña 11/09/2021 Fundacón Juan Bosch BPMSU CD 923.287 B689b 2007 BPMSU21110070 11/09/2021 11/09/2021 Libros    
    Dewey Decimal Classification     Colección Dominicana Biblioteca Pública Metropolitana Salomé Ureña Biblioteca Pública Metropolitana Salomé Ureña 11/09/2021 Fundacón Juan Bosch BPMSU CD 923.287 B689b 2007 BPMSU21110071 11/09/2021 11/09/2021 Libros e.2  
    Dewey Decimal Classification     Colección Dominicana Biblioteca Pública Metropolitana Salomé Ureña Biblioteca Pública Metropolitana Salomé Ureña 11/09/2021 Fundacón Juan Bosch BPMSU CD 923.287 B689b 2007 BPMSU26030066 03/24/2026 11/09/2021 Libros e.3